00406cam a2200169ua 45000010005000000080039000050200018000440400009000620410008000710820008000791000029000872450046001162500009001622600027001713000010001986530028002087121141210n ii |||gr||||Z||||||eng a9789380261430 cMAIN aeng a370 aSarma, Mukunda,eAuthor. aFoundation of educationcBy Mukunda Sarma a1st. aGuwahati:bEBH,c2012. a178p. aFoundation of education